00797 2200289 4500001002100000005001500021035002500036007000300061008004100064020002200105040001700127041000800144082001700152084001700169090002100186090002200207100001900229245005400248250003400302260003600336300002900372504003300401650001700434850001200451999002200463990002200485INLIS00000000003533220191104023712 a0010-041800000000512ta180405s2017 yoi fr ind d a978-602-453-221-5 aYOPDYOGbind0 aind042[23]a297.65 a297.65 Mok J aDEP 297.65 Mok J aCB-D.11 2017-17470 aMokhamad Samsu0 aJejak pembaharu Islam Indonesia /cMokhamad Samsu aCetakan pertama: Agustus 201731aYogyakarta :bDeepublish,c2017 ax, 425 halaman ;c20 cm. aBibliografi: halaman 419-425 0aMuhammadiyah aYOPDYOG aCB-D.11/2017-1747 aCB-D.11/2017-1747